[Event "BIH-chT 14th"]
[Site "Prijedor"]
[Date "2015.09.07"]
[Round "3.1"]
[White "Marcetic, Predrag"]
[Black "Drasko, Milan"]
[Result "0-1"]
[WhiteElo "2287"]
[BlackElo "2446"]
[PlyCount "80"]
[EventDate "2015.09.05"]
[EventType "team-tourn"]
[EventRounds "9"]
[EventCountry "BIH"]
[SourceTitle "EXT 2016"]
[Source "ChessBase"]
[SourceDate "2015.10.08"]
[SourceVersion "1"]
[SourceVersionDate "2015.10.08"]
[SourceQuality "1"]
[WhiteTeam "Sokolac Glasinac"]
[BlackTeam "Sarajevo Bosna"]
[WhiteTeamCountry "BIH"]
[BlackTeamCountry "BIH"]

1. d4 e6 2. c4 Nf6 3. Nf3 Bb4+ 4. Bd2 Qe7 5. Nc3 b6 6. g3 Bb7 7. Bg2 0-0 8. 0-0 d6 9. a3 Bxc3 10. Bxc3 Be4 11. Qa4 c5 12. b4 cxd4 13. Bxd4 Nbd7 14. Rfd1 Rfc8 15. Rac1 h6 16. Qa6 Ne8 17. Ne1 Bxg2 18. Nxg2 Rc7 19. Bb2 Rac8 20. Nf4 Nb8 21. Qb5 Rc6 22. Bd4 a6 23. Qh5 Nd7 24. Qf3 d5 25. c5 bxc5 26. bxc5 Nxc5 27. Qe3 Qd6 28. Nh5 Nd7 29. Rxc6 Rxc6 30. Qf3 e5 31. Bb2 d4 32. g4 Rb6 33. Ba1 Qg6 34. e4 Nef6 35. Ng3 Qxg4 36. Qxg4 Nxg4 37. h3 Ngf6 38. f4 Rb3 39. fxe5 Rxg3+ 40. Kh2 Nxe4 0-1

[Event "SRB-CupT Central"]
[Site "Serbia"]
[Date "2013.04.27"]
[Round "7.5"]
[White "Marcetic, Predrag"]
[Black "Smolovic, Mile"]
[Result "1-0"]
[WhiteElo "2256"]
[BlackElo "2367"]
[PlyCount "73"]
[EventDate "2013.03.24"]
[EventType "team-tourn"]
[EventRounds "8"]
[EventCountry "SRB"]
[SourceTitle "EXT 2018"]
[Source "ChessBase"]
[SourceDate "2017.10.13"]
[SourceVersion "1"]
[SourceVersionDate "2017.10.13"]
[SourceQuality "1"]

1. e4 c5 2. Nf3 d6 3. c3 Nf6 4. Be2 Bg4 5. h3 Bh5 6. 0-0 e6 7. Re1 Nc6 8. d4 cxd4 9. Nxd4 Bxe2 10. Rxe2 Rc8 11. Bg5 a6 12. Na3 Be7 13. Nac2 0-0 14. Nxc6 Rxc6 15. Nd4 Rc5 16. Nf3 Qb8 17. Rd2 Rd8 18. Qe2 b5 19. Rad1 Rcc8 20. e5 dxe5 21. Nxe5 Qc7 22. Bxf6 Bxf6 23. Rxd8+ Rxd8 24. Rxd8+ Qxd8 25. Nd3 g6 26. Kf1 Be7 27. Qe4 Qc8 28. Ke2 Bd6 29. a3 h5 30. f4 Kf8 31. g4 hxg4 32. hxg4 Ke7 33. g5 Kd7 34. Qd4 Kc7 35. Qa7+ Kc6 36. Qxf7 Qh8 37. Qxe6 1-0

[Event "SRB-chT Central"]
[Site "Pozarevac"]
[Date "2012.02.16"]
[Round "5"]
[White "Marcetic, Predrag"]
[Black "Ratkovic, Milovan"]
[Result "1/2-1/2"]
[WhiteElo "2247"]
[BlackElo "2183"]
[PlyCount "86"]
[EventDate "2012.02.13"]
[EventType "team-swiss"]
[EventRounds "9"]
[EventCountry "SRB"]
[SourceTitle "CBM 146 Extra"]
[Source "ChessBase"]
[SourceDate "2012.02.29"]
[SourceVersion "1"]
[SourceVersionDate "2012.02.29"]
[SourceQuality "1"]

1. e4 d6 2. d4 Nf6 3. Nc3 c6 4. Bg5 Nbd7 5. Qd2 e5 6. Nge2 Qa5 7. f3 Be7 8. h4 0-0 9. g4 b5 10. Ng3 exd4 11. Nf5 dxc3 12. Nxe7+ Kh8 13. Qxc3 Qxc3+ 14. bxc3 Re8 15. Nxc8 Raxc8 16. 0-0-0 d5 17. Bxf6 Nxf6 18. g5 Nh5 19. exd5 cxd5 20. Bxb5 Re3 21. Rxd5 Rexc3 22. Rh2 Nf4 23. Rd7 Rxf3 24. Rxa7 Ne6 25. a4 g6 26. Rd7 Nc5 27. Re7 Rf4 28. Ra7 Kg7 29. Kb2 Ne4 30. Ka3 Nc3 31. Rh3 Rc5 32. Bd3 Nxa4 33. h5 Nb6 34. h6+ Kf8 35. Rb7 Nd5 36. c4 Nc7 37. Rb8+ Ke7 38. Rh8 Rf2 39. Rxh7 Ra5+ 40. Kb4 Rfa2 41. Rh8 R5a4+ 42. Kc3 R4a3+ 43. Kb4 Ra4+ 1/2-1/2

[Event "SRB-chT Central"]
[Site "Pozarevac"]
[Date "2012.02.15"]
[Round "4"]
[White "Zivkovic, Momcilo"]
[Black "Marcetic, Predrag"]
[Result "1/2-1/2"]
[WhiteElo "2137"]
[BlackElo "2247"]
[PlyCount "120"]
[EventDate "2012.02.13"]
[EventType "team-swiss"]
[EventRounds "9"]
[EventCountry "SRB"]
[SourceTitle "CBM 146 Extra"]
[Source "ChessBase"]
[SourceDate "2012.02.29"]
[SourceVersion "1"]
[SourceVersionDate "2012.02.29"]
[SourceQuality "1"]

1. e4 c6 2. d4 g6 3. g3 d5 4. e5 h5 5. h4 Qb6 6. a4 a5 7. Nf3 Bg4 8. Be2 Bxf3 9. Bxf3 e6 10. 0-0 Bh6 11. c3 Nd7 12. Na3 Ne7 13. Bxh6 Rxh6 14. Qd2 Nf5 15. Be2 Kf8 16. Bd3 Kg7 17. Bxf5 gxf5 18. Nc2 Nf8 19. Ne3 Ng6 20. Ng2 c5 21. Rfe1 Rc8 22. Red1 Rhh8 23. Qg5 Qd8 24. Qe3 Qe7 25. Qe2 Qc7 26. Kh2 cxd4 27. cxd4 Qc2 28. Rd2 Qe4 29. Qf1 f4 30. Re1 Qf5 31. Rd3 fxg3+ 32. fxg3 Qxf1 33. Rxf1 Rc2 34. Rb3 Rd2 35. Rxb7 Rf8 36. Kg1 Rxd4 37. Nf4 Nxf4 38. Rxf4 Rxf4 39. gxf4 Kg6 40. Kf2 Rc8 41. Ke3 Rc4 42. b3 Rc3+ 43. Kf2 f6 44. exf6 Kxf6 45. Ke2 Kf5 46. Kd2 d4 47. Rd7 Rxb3 48. Rxd4 Rf3 49. Rc4 Rxf4 50. Rc5+ e5 51. Rxa5 Rxh4 52. Ra8 Ke4 53. a5 Rh2+ 54. Kc3 Ke3 55. Kb3 e4 56. Rh8 Rh1 57. Kb2 Rh2+ 58. Kb3 Rh1 59. Kb2 Rh2+ 60. Kb3 Rh1 1/2-1/2

[Event "SRB-chT2 West CS"]
[Site "Serbia"]
[Date "2011.10.15"]
[Round "10.6"]
[White "Marcetic, Predrag"]
[Black "Dumic, Marko"]
[Result "1/2-1/2"]
[WhiteElo "2237"]
[BlackElo "2249"]
[PlyCount "22"]
[EventDate "2011.09.11"]
[EventType "team"]
[EventRounds "11"]
[EventCountry "SRB"]
[SourceTitle "EXT 2015"]
[Source "ChessBase"]
[SourceDate "2014.11.20"]
[SourceVersion "1"]
[SourceVersionDate "2014.11.20"]
[SourceQuality "1"]

1. e4 e6 2. d4 d5 3. Nc3 Bb4 4. e5 c5 5. Bd2 Ne7 6. a3 Bxc3 7. bxc3 Nbc6 8. Nf3 Bd7 9. Bd3 c4 10. Be2 Qa5 11. 0-0 0-0-0 1/2-1/2

[Event "SRB-chT2 West CS"]
[Site "Serbia"]
[Date "2011.10.14"]
[Round "8.2"]
[White "Marcetic, Predrag"]
[Black "Marinkovic, Zoran"]
[Result "1-0"]
[WhiteElo "2237"]
[BlackElo "2271"]
[PlyCount "70"]
[EventDate "2011.09.11"]
[EventType "team"]
[EventRounds "11"]
[EventCountry "SRB"]
[SourceTitle "EXT 2015"]
[Source "ChessBase"]
[SourceDate "2014.11.20"]
[SourceVersion "1"]
[SourceVersionDate "2014.11.20"]
[SourceQuality "1"]

1. e4 c5 2. Nf3 g6 3. c3 Nf6 4. e5 Nd5 5. d4 cxd4 6. Qxd4 Nc7 7. Bc4 Bg7 8. Qh4 d5 9. Bd3 Nc6 10. Bh6 Ne6 11. Bxg7 Nxg7 12. Qh6 Ne6 13. 0-0 Qc7 14. Re1 Bd7 15. b4 0-0-0 16. h4 f6 17. Qe3 Rhe8 18. Na3 Nxe5 19. Nxe5 fxe5 20. Qxa7 e4 21. Nb5 Qb8 22. Qb6 Bxb5 23. Bxb5 Rd6 24. Qe3 Rf8 25. c4 Nc7 26. a4 Rdf6 27. cxd5 Rxf2 28. Rac1 Kd8 29. Qxe4 R8f7 30. Rc5 Nxb5 31. Rxb5 Qc7 32. Rc5 Qf4 33. Qxf4 R2xf4 34. Rb5 Rxh4 35. Rxb7 Rhf4 1-0

[Event "SRB-chT2 West CS"]
[Site "Serbia"]
[Date "2011.09.25"]
[Round "3.6"]
[White "Jovanovic, Dusan D"]
[Black "Marcetic, Predrag"]
[Result "1-0"]
[WhiteElo "2366"]
[BlackElo "2237"]
[PlyCount "109"]
[EventDate "2011.09.11"]
[EventType "team"]
[EventRounds "11"]
[EventCountry "SRB"]
[SourceTitle "EXT 2015"]
[Source "ChessBase"]
[SourceDate "2014.11.20"]
[SourceVersion "1"]
[SourceVersionDate "2014.11.20"]
[SourceQuality "1"]

1. Nf3 Nf6 2. c4 e6 3. g3 a6 4. Bg2 b5 5. b3 Bb7 6. 0-0 c5 7. Bb2 Be7 8. Na3 Qb6 9. d3 d5 10. Rb1 b4 11. Nc2 dxc4 12. bxc4 0-0 13. e4 Nc6 14. e5 Nd7 15. Re1 Qc7 16. h4 Rab8 17. Qe2 Rfd8 18. h5 Nf8 19. h6 g6 20. Ne3 Nd4 21. Nxd4 cxd4 22. Ng4 Bxg2 23. Kxg2 Qc6+ 24. Qe4 Qxe4+ 25. Rxe4 b3 26. a4 Bc5 27. Nh2 Nd7 28. Nf3 Bf8 29. Rxd4 Bxh6 30. Ba3 Bf8 31. Bd6 Rb7 32. c5 Rc8 33. Rc4 Bxd6 34. c6 Rbb8 35. exd6 Nb6 36. d7 Nxc4 37. Rxb3 Ra8 38. dxc8Q+ Rxc8 39. dxc4 Rxc6 40. Rc3 Rc5 41. Nd2 f5 42. Nb3 Rc7 43. f4 Kf7 44. Nd4 h5 45. Nf3 Kf6 46. c5 Rc6 47. a5 Rc8 48. c6 Ke7 49. Ne5 Kd6 50. Kf3 Kd5 51. Nxg6 Rc7 52. Ne5 Kd4 53. Rc1 Kd5 54. Ke3 Kd6 55. Kd4 1-0

[Event "SRB-chT2 West CS"]
[Site "Serbia"]
[Date "2011.09.11"]
[Round "1.6"]
[White "Marcetic, Predrag"]
[Black "Begus, Drasko"]
[Result "1-0"]
[WhiteElo "2237"]
[BlackElo "2321"]
[PlyCount "105"]
[EventDate "2011.09.11"]
[EventType "team"]
[EventRounds "11"]
[EventCountry "SRB"]
[SourceTitle "EXT 2015"]
[Source "ChessBase"]
[SourceDate "2014.11.20"]
[SourceVersion "1"]
[SourceVersionDate "2014.11.20"]
[SourceQuality "1"]

1. d4 Nf6 2. Nc3 c5 3. d5 e5 4. dxe6 fxe6 5. e4 Nc6 6. Nf3 Qc7 7. Bb5 Be7 8. 0-0 0-0 9. Bg5 Nd4 10. Bh4 Qf4 11. Bg3 Nxf3+ 12. Qxf3 Qxf3 13. gxf3 a6 14. Be2 b5 15. Rfd1 Bb7 16. Bd6 Bxd6 17. Rxd6 Bc6 18. a4 Ne8 19. axb5 Nxd6 20. bxc6 dxc6 21. Na4 Nb5 22. c3 Rfd8 23. Bc4 Kf7 24. Nxc5 Nc7 25. Nd3 Kf6 26. Ra5 Nb5 27. f4 g6 28. Kf1 Ke7 29. Ne5 Rd1+ 30. Ke2 Rb1 31. Ra2 Kd6 32. Nf7+ Ke7 33. Ng5 Nc7 34. Nxh7 Rh8 35. Ng5 Rxh2 36. Nf3 Rhh1 37. Ne5 Rhe1+ 38. Kf3 Kf6 39. Bxa6 Ra1 40. Rxa1 Rxa1 41. Bc4 Rb1 42. b3 Rc1 43. Nxc6 Rxc3+ 44. Kg4 Rc2 45. f3 Rg2+ 46. Kh3 Rc2 47. Kg3 Rc1 48. Kf2 Rc3 49. Ke2 g5 50. fxg5+ Kxg5 51. Ne5 Rc1 52. f4+ Kf6 53. Ke3 1-0

[Event "SRB-chT Cup Central"]
[Site "Vrnjacka Banja"]
[Date "2011.05.02"]
[Round "7"]
[White "Marcetic, Predrag"]
[Black "Panic, Nenad"]
[Result "1-0"]
[WhiteElo "2214"]
[BlackElo "2349"]
[PlyCount "93"]
[EventDate "2011.05.01"]
[EventType "team"]
[EventRounds "7"]
[EventCountry "SRB"]
[SourceTitle "EXT 2012"]
[Source "ChessBase"]
[SourceDate "2011.11.24"]
[SourceVersion "1"]
[SourceVersionDate "2011.11.24"]
[SourceQuality "1"]

1. e4 g6 2. d4 Bg7 3. Nc3 c5 4. Be3 cxd4 5. Bxd4 Bxd4 6. Qxd4 f6 7. Bc4 Nc6 8. Qd2 Ne5 9. Bb3 d6 10. Nge2 Bd7 11. f4 Nc6 12. 0-0-0 Qa5 13. Nd4 Nxd4 14. Qxd4 Qc5 15. Qxc5 dxc5 16. Bf7+ Kxf7 17. Rxd7 b6 18. Rhd1 f5 19. e5 g5 20. fxg5 h6 21. g6+ Kxg6 22. Nd5 Rh7 23. Nc7 Rc8 24. Ne6 Kf7 25. Nf4 Ra8 26. Rd8 Rxd8 27. Rxd8 h5 28. Ra8 h4 29. h3 Nh6 30. Rxa7 Rh8 31. Rb7 Ra8 32. Rxb6 Ra4 33. Nd3 Ng8 34. Nxc5 Rxa2 35. Kb1 Ra5 36. b4 Ra3 37. Nd3 e6 38. Kb2 Ra4 39. Nc5 Ra8 40. Rxe6 Ne7 41. Rh6 Rg8 42. Rxh4 Rxg2 43. b5 Nd5 44. Nd3 Ne3 45. Nb4 Ke6 46. b6 Rg8 47. Na6 1-0

[Event "SRB-chT2 West"]
[Site "Valjevo"]
[Date "2010.10.14"]
[Round "6"]
[White "Mrsevic, Miroslav"]
[Black "Marcetic, Predrag"]
[Result "1/2-1/2"]
[WhiteElo "2310"]
[BlackElo "2207"]
[PlyCount "75"]
[EventDate "2010.09.12"]
[EventType "team-tourn"]
[EventRounds "9"]
[EventCountry "YUG"]
[SourceTitle "EXT 2011"]
[Source "ChessBase"]
[SourceDate "2010.11.26"]
[SourceVersion "1"]
[SourceVersionDate "2010.11.26"]
[SourceQuality "1"]

1. e4 e5 2. Nf3 Nc6 3. Nc3 Nf6 4. Bb5 d6 5. d4 exd4 6. Qxd4 Bd7 7. Bxc6 Bxc6 8. Bg5 Be7 9. 0-0-0 0-0 10. h4 Re8 11. Nd5 h6 12. Kb1 Bxd5 13. exd5 Nd7 14. Rh3 Ne5 15. Bxh6 gxh6 16. Rg3+ Kf8 17. Qf4 Bf6 18. Qxh6+ Ke7 19. Nd4 Kd7 20. Qh5 Kc8 21. Qf5+ Nd7 22. Nc6 bxc6 23. dxc6 Re6 24. cxd7+ Kxd7 25. h5 Rb8 26. Rb3 Ke7 27. f4 Rxb3 28. axb3 Qh8 29. Qa5 Qb8 30. Qd2 Qb5 31. g4 Qe2 32. g5 Bh8 33. f5 Qxd2 34. f6+ Bxf6 35. gxf6+ Kxf6 36. Rxd2 Kg5 37. Rd4 Kxh5 38. Ra4 1/2-1/2

[Event "SRB-chT2 West"]
[Site "Valjevo"]
[Date "2010.09.26"]
[Round "3"]
[White "Avramovic, Zoran"]
[Black "Marcetic, Predrag"]
[Result "1/2-1/2"]
[WhiteElo "2234"]
[BlackElo "2207"]
[PlyCount "39"]
[EventDate "2010.09.12"]
[EventType "team-tourn"]
[EventRounds "9"]
[EventCountry "YUG"]
[SourceTitle "EXT 2011"]
[Source "ChessBase"]
[SourceDate "2010.11.26"]
[SourceVersion "1"]
[SourceVersionDate "2010.11.26"]
[SourceQuality "1"]

1. e4 c6 2. d4 d5 3. exd5 cxd5 4. Bd3 Nc6 5. Nf3 Bg4 6. c3 Nf6 7. h3 Bh5 8. Bf4 e6 9. Nbd2 Bd6 10. Bxd6 Qxd6 11. Qe2 Bg6 12. Bxg6 hxg6 13. 0-0-0 Qc7 14. Kb1 0-0-0 15. Rhe1 Rh5 16. h4 Kb8 17. g3 Rhh8 18. Ng5 Nh7 19. Nh3 Na5 20. Rc1 1/2-1/2

[Event "SRB-chT2 West"]
[Site "Serbia"]
[Date "2009.10.10"]
[Round "9.3"]
[White "Milosevic, Zoran"]
[Black "Marcetic, Predrag"]
[Result "1-0"]
[WhiteElo "2302"]
[BlackElo "2199"]
[PlyCount "119"]
[EventDate "2009.09.06"]
[EventType "team"]
[EventRounds "11"]
[EventCountry "SRB"]
[SourceTitle "EXT 2012"]
[Source "ChessBase"]
[SourceDate "2011.11.24"]
[SourceVersion "1"]
[SourceVersionDate "2011.11.24"]
[SourceQuality "1"]

1. d4 Nf6 2. c4 e6 3. Nc3 d5 4. Nf3 Be7 5. Bf4 0-0 6. e3 a6 7. Rc1 dxc4 8. Bxc4 b5 9. Bd3 Bb7 10. 0-0 Nbd7 11. h3 c5 12. a4 cxd4 13. exd4 b4 14. Nb1 Rc8 15. Nbd2 Rxc1 16. Qxc1 Qa8 17. Qd1 Rd8 18. Qe2 Nf8 19. Rc1 Nd5 20. Bg3 Ng6 21. Qd1 Ndf4 22. Bxg6 Nxg6 23. Qb3 Rc8 24. Rxc8+ Qxc8 25. Qc4 Qxc4 26. Nxc4 Bd5 27. Ncd2 Kf8 28. Kf1 Ke8 29. Ke2 Kd7 30. Bb8 f6 31. g3 Kc6 32. Bf4 Nxf4+ 33. gxf4 Kc7 34. Ne1 Bd6 35. Nd3 b3 36. Ke3 Kb6 37. Nc1 Ka5 38. Ncxb3+ Kxa4 39. Nc5+ Kb5 40. Nd3 a5 41. f3 a4 42. Nb1 Kc4 43. Nd2+ Kb5 44. Ne4 Be7 45. Nc3+ Ka5 46. f5 Bc4 47. fxe6 Bxe6 48. Nf4 Bf5 49. h4 g5 50. Nfd5 Bd8 51. h5 h6 52. Ne4 g4 53. f4 Kb5 54. Nd6+ Kc6 55. Nxf5 Kxd5 56. Kd3 Bb6 57. Ne3+ Ke6 58. f5+ Kf7 59. Nxg4 Kg7 60. Kc4 1-0

[Event "SRB Central-ch"]
[Site "Vrnjacka Banja"]
[Date "2007.12.15"]
[Round "8"]
[White "Marcetic, Predrag"]
[Black "Mrsevic, Miroslav"]
[Result "1/2-1/2"]
[WhiteElo "2219"]
[BlackElo "2313"]
[PlyCount "167"]
[EventDate "2007.12.10"]
[EventType "swiss"]
[EventRounds "9"]
[EventCountry "YUG"]
[SourceTitle "CBM 121 Extra"]
[Source "ChessBase"]
[SourceDate "2008.01.10"]
[SourceVersion "1"]
[SourceVersionDate "2008.01.10"]
[SourceQuality "1"]

1. e4 e5 2. Nf3 d6 3. d4 exd4 4. Qxd4 Nf6 5. Nc3 Be7 6. Bg5 0-0 7. 0-0-0 a6 8. h4 Re8 9. Nd5 Nc6 10. Qd3 Bg4 11. Be2 h6 12. Bd2 Bf8 13. Nxf6+ Qxf6 14. Qc4 Be6 15. Qc3 Be7 16. a3 Rad8 17. Qe3 Qg6 18. h5 Qh7 19. Bc3 b5 20. Bd3 Rb8 21. g4 b4 22. e5 Qh8 23. axb4 Nxb4 24. g5 Nd5 25. Qe4 Nxc3 26. bxc3 dxe5 27. Nxe5 Bxg5+ 28. f4 Bd5 29. Qf5 Be6 30. Qe4 Bd5 31. Qf5 g6 32. Nxg6 Be6 33. Nxh8 Bxf5 34. fxg5 Bxd3 35. Rxd3 Kxh8 36. g6 Re7 37. Rf3 Kg7 38. gxf7 Rxf7 39. Rg1+ Kf8 40. Rfg3 Rb5 41. Rg8+ Ke7 42. Re1+ Kd7 43. Rd1+ Ke7 44. Re1+ Kd7 45. Rd1+ Kc6 46. Rg6+ Kb7 47. Rxh6 Rff5 48. Rh1 a5 49. Rh4 Rf1+ 50. Kd2 Rf2+ 51. Kd3 Rf3+ 52. Kd2 Rf2+ 53. Kd3 Rb1 54. Rc4 Rh1 55. Ke3 Rg2 56. Kf3 Rg7 57. Rc5 a4 58. Ra5 Rh3+ 59. Kf4 Rh1 60. Rha6 Rf7+ 61. Ke3 Rh3+ 62. Ke4 Rxc3 63. Ra7+ Kc8 64. Rxa4 Rxc2 65. Ra8+ Kd7 66. Rh8 Rh2 67. Raa8 Rh4+ 68. Ke3 Rf5 69. h6 Rfh5 70. h7 Kc6 71. Ra1 Rh3+ 72. Ke4 R5h4+ 73. Ke5 Rxh7 74. Rxh7 Rxh7 75. Rc1+ Kd7 76. Kd5 Rh4 77. Rg1 Rh5+ 78. Kc4 Kc6 79. Rg6+ Kb7 80. Rg8 Kc6 81. Rg4 Ra5 82. Rg8 Ra4+ 83. Kb3 Rh4 84. Rg5 1/2-1/2

[Event "SRB-chT3 West"]
[Site "Serbia"]
[Date "2007.09.30"]
[Round "4"]
[White "Pasic, Dalan"]
[Black "Marcetic, Predrag"]
[Result "0-1"]
[WhiteElo "2261"]
[BlackElo "2219"]
[PlyCount "81"]
[EventDate "2007.09.11"]
[EventType "team"]
[EventRounds "11"]
[EventCountry "SRB"]
[SourceTitle "EXT 2012"]
[Source "ChessBase"]
[SourceDate "2011.11.24"]
[SourceVersion "1"]
[SourceVersionDate "2011.11.24"]
[SourceQuality "1"]
[WhiteTeam "Sjenica Mladost"]
[BlackTeam "Bajina Basta"]
[WhiteTeamCountry "SRB"]
[BlackTeamCountry "SRB"]

1. d4 Nf6 2. c4 e6 3. Nf3 b6 4. g3 Bb7 5. Bg2 Be7 6. 0-0 0-0 7. Nc3 Ne4 8. Qc2 Nxc3 9. bxc3 f5 10. d5 Bf6 11. Rd1 Qe8 12. Qd3 d6 13. dxe6 Be4 14. Qe3 Qxe6 15. Nd4 Qxc4 16. Bxe4 fxe4 17. Qxe4 Nd7 18. Qe6+ Qxe6 19. Nxe6 Rfc8 20. Bf4 Kf7 21. Nd4 Nc5 22. Rac1 Na4 23. c4 Bxd4 24. Rxd4 Re8 25. e4 Nc5 26. Re1 Ne6 27. Rd2 Nxf4 28. gxf4 Ke7 29. Red1 Kd7 30. Rd4 Kc6 31. Kg2 Re6 32. f5 Rf6 33. Kg3 g6 34. Kf4 gxf5 35. exf5 Rg8 36. h4 Kd7 37. a4 Rgf8 38. Rd5 c6 39. R5d4 Rxf5+ 40. Kg4 h5+ 41. Kg3 0-1

[Event "SRB-chT2 West"]
[Site "Serbia"]
[Date "2006.10.27"]
[Round "8.3"]
[White "Kahrovic, Mersid"]
[Black "Marcetic, Predrag"]
[Result "1-0"]
[WhiteElo "2209"]
[BlackElo "2208"]
[PlyCount "123"]
[EventDate "2006.09.09"]
[EventType "team"]
[EventRounds "11"]
[EventCountry "SRB"]
[SourceTitle "EXT 2012"]
[Source "ChessBase"]
[SourceDate "2011.11.24"]
[SourceVersion "1"]
[SourceVersionDate "2011.11.24"]
[SourceQuality "1"]

1. c4 e5 2. Nc3 Nf6 3. Nf3 Nc6 4. d4 e4 5. Ne5 d6 6. Nxc6 bxc6 7. Bg5 Bf5 8. Qa4 Qd7 9. Bxf6 gxf6 10. e3 Bg7 11. h3 Bg6 12. Be2 f5 13. 0-0-0 Rb8 14. g4 fxg4 15. hxg4 0-0 16. Rh2 Rb7 17. Nd5 Rfb8 18. b3 Qe8 19. Qxc6 Qxc6 20. Ne7+ Kf8 21. Nxc6 Ra8 22. b4 Ke8 23. a3 Kd7 24. Na5 Rbb8 25. c5 a6 26. Rdh1 h6 27. Bc4 Rc8 28. Kc2 c6 29. cxd6 Kxd6 30. Kb3 Rcb8 31. Be2 f6 32. Bc4 Ra7 33. Kc3 Be8 34. Bg8 Bd7 35. Bh7 Re8 36. Bf5 Kc7 37. Nc4 Rb7 38. Rh5 Rb5 39. Bxd7 Kxd7 40. Rxb5 axb5 41. Nd2 Kd6 42. Rh5 Re7 43. Kb3 Re8 44. Nb1 Ke6 45. Nc3 Kf7 46. Rf5 Bf8 47. Rf4 Bd6 48. Rxe4 Rg8 49. d5 cxd5 50. Nxd5 Be5 51. Nc3 Rb8 52. f4 Bxc3 53. Kxc3 Rc8+ 54. Kb2 f5 55. gxf5 h5 56. Rd4 h4 57. Rd7+ Kf6 58. Rh7 Re8 59. Rxh4 Rxe3 60. Rh6+ Kxf5 61. Rh5+ Kxf4 62. Rxb5 1-0

[Event "SRB-chT2 West"]
[Site "Serbia"]
[Date "2006.10.27"]
[Round "9.3"]
[White "Marcetic, Predrag"]
[Black "Levic, Miroslav"]
[Result "1/2-1/2"]
[WhiteElo "2208"]
[BlackElo "2268"]
[PlyCount "36"]
[EventDate "2006.09.09"]
[EventType "team"]
[EventRounds "11"]
[EventCountry "SRB"]
[SourceTitle "EXT 2012"]
[Source "ChessBase"]
[SourceDate "2011.11.24"]
[SourceVersion "1"]
[SourceVersionDate "2011.11.24"]
[SourceQuality "1"]

1. e4 c5 2. Nf3 Nc6 3. Bb5 g6 4. 0-0 Bg7 5. Bxc6 bxc6 6. d3 e5 7. b3 d6 8. c3 Ne7 9. Be3 0-0 10. d4 cxd4 11. cxd4 Qc7 12. dxe5 dxe5 13. Nfd2 Ba6 14. Re1 Bd3 15. Qc1 f5 16. f3 Rf7 17. Qc3 Rd8 18. Qc5 Rd7 1/2-1/2

[Event "Serbia-ch"]
[Site "Vrnjacka Banja"]
[Date "2006.02.05"]
[Round "9"]
[White "Marcetic, Predrag"]
[Black "Nikolic, Stanimir"]
[Result "1-0"]
[WhiteElo "2208"]
[BlackElo "2306"]
[PlyCount "127"]
[EventDate "2006.01.30"]
[EventType "swiss"]
[EventRounds "9"]
[EventCountry "YUG"]
[SourceTitle "CBM 110 Extra"]
[Source "ChessBase"]
[SourceDate "2006.03.10"]
[SourceVersion "2"]
[SourceVersionDate "2006.03.10"]
[SourceQuality "1"]

1. e4 d6 2. d4 g6 3. Nf3 Bg7 4. Bd3 Bg4 5. c3 c5 6. dxc5 dxc5 7. Bb5+ Bd7 8. Bxd7+ Nxd7 9. 0-0 Qc7 10. Qe2 e5 11. c4 Ngf6 12. Nc3 0-0 13. Rd1 h6 14. Be3 Rfe8 15. Qd2 Kh7 16. Qc2 Bf8 17. Rd2 Nb8 18. Nd5 Nxd5 19. Rxd5 b6 20. Rad1 Kg8 21. Qd2 Kh7 22. Rd8 Qe7 23. Qd5 Rxd8 24. Qxd8 Qxd8 25. Rxd8 Bg7 26. Bd2 a5 27. Bc3 f6 28. Kf1 g5 29. Ne1 Kg6 30. Nc2 Kf7 31. Na3 Bf8 32. Nb5 Be7 33. Rc8 a4 34. a3 Bf8 35. Ke2 h5 36. Kd3 Be7 37. f3 Ke6 38. Nc7+ Kd7 39. Nxa8 Kxc8 40. Nxb6+ Kc7 41. Nxa4 Nc6 42. b3 Kd7 43. Nb6+ Ke6 44. Nd5 Bd8 45. b4 Kd6 46. b5 Nd4 47. a4 Nb3 48. a5 Nxa5 49. Bxa5 Bxa5 50. Nxf6 h4 51. Ke2 Bd8 52. Nd5 Ba5 53. Kf2 Bd2 54. g3 Ba5 55. Kg2 Be1 56. Kh3 hxg3 57. hxg3 Bf2 58. Kg4 Be1 59. Kxg5 Bxg3 60. Kf5 Bh2 61. f4 exf4 62. e5+ Kd7 63. Nxf4 Bg3 64. Nd3 1-0